OECD clean energy investment policy review of Jordan
Na minha lista:
| Formato: | Livro |
|---|---|
| Idioma: | inglês |
| Publicado em: |
Paris
OECD
2016
|
| Colecção: | Green finance and investment
|
| Assuntos: | |
| Tags: |
Sem tags, seja o primeiro a adicionar uma tag!
|
MARC
| LEADER | 00000nam a2200000 4500 | ||
|---|---|---|---|
| 001 | 0231054 | ||
| 005 | 20240314123228.6 | ||
| 020 | |a 978-92-64-26653-7 | ||
| 041 | 0 | |a eng | |
| 044 | |a FR | ||
| 245 | 1 | 0 | |a OECD clean energy investment policy review of Jordan |
| 264 | 1 | |a Paris |b OECD |c 2016 | |
| 300 | |a 94 s. | ||
| 490 | 1 | |a Green finance and investment | |
| 830 | 0 | |a Green finance and investment | |
| 610 | 2 | 0 | |a energetika |
| 610 | 2 | 0 | |a politika investičná |
| 610 | 2 | 0 | |a konkurencia |
| 610 | 2 | 0 | |a trh finančný |
| 610 | 2 | 0 | |a správa verejná |
| 610 | 2 | 0 | |a zdroje energie obnoviteľné |
| 610 | 2 | 0 | |a Jordánsko |